| 000 | 00674nam a2200181 a 4500 | ||
|---|---|---|---|
| 001 | 000035305 | ||
| 005 | 20240301185227.0 | ||
| 008 | 111027s1967 fr 000 0 spa d | ||
| 040 |
_aDO-SdBNP _bspa _cBNPHU |
||
| 100 | 1 |
_aMarx, Karl, _d1818-1883 _930439 |
|
| 245 | 1 | 0 |
_aLes luttes de classes en France : _b1848-1850 / _cKarl Marx ; suivi de Les journées de juin 1848 par Friedrich Engels. |
| 260 |
_aParis : _bÉditions sociales, _c1967. |
||
| 300 |
_a143 p. ; _c18 cm. |
||
| 500 | _aIncluye notas al pie de las páginas | ||
| 590 | _aPerteneció a la biblioteca personal de Juan Isidro Jimenes Grullón. | ||
| 700 | 1 |
_aEngels, Friedrich, _d1820-1895 _960306 |
|
| 049 | _aBNPD | ||
| 999 |
_c34796 _d34796 |
||